[Event "Titled Tuesday 2025.04.15 Early"]
[Site "chess.com INT"]
[Date "2025.04.15"]
[Round "5"]
[White "Fishbein, Mitch"]
[Black "Thavandiran, Shiyam"]
[Result "0-1"]
[WhiteElo "2200"]
[BlackElo "2398"]
[WhiteFideId "-1"]
[WhiteFideId "-1"]
[PlyCount "58"]
[GameId "2169191048765169"]
[EventDate "2025.04.15"]
[EventType "swiss (blitz)"]
[EventRounds "11"]
[EventCountry "NET"]
[SourceTitle "The Week in Chess 1589"]
[Source "Mark Crowther"]
[SourceDate "2025.04.21"]
[SourceVersion "1"]
[SourceVersionDate "2025.04.21"]
[SourceQuality "2"]

1. e4 c5 2. Nf3 e6 3. d3 Nc6 4. g3 g6 5. Bg2 Bg7 6. O-O Nge7 7. Re1 d6 8. c3 e5 9. a4 h6 10. Na3 Be6 11. Be3 f5 12. exf5 gxf5 13. d4 e4 14. Nh4 cxd4 15. cxd4 O-O 16. Qd2 Kh7 17. Bh3 Nd5 18. Ng2 Ncb4 19. Nf4 Nxf4 20. Bxf4 Nd3 21. Rf1 a6 22. Nc2 Qb6 23. a5 Qb5 24. Bxd6 Rfd8 25. Bc7 Rd7 26. Bb6 Rc8 27. Ne3 Bxd4 28. Bxd4 Rxd4 29. Rac1 Nxc1 0-1

[Event "Titled Tuesday 2025.04.15 Early"]
[Site "chess.com INT"]
[Date "2025.04.15"]
[Round "6"]
[White "Thavandiran, Shiyam"]
[Black "Mazur, Ste"]
[Result "1-0"]
[WhiteElo "2398"]
[BlackElo "2427"]
[WhiteFideId "-1"]
[WhiteFideId "-1"]
[PlyCount "65"]
[GameId "2169191048847293"]
[EventDate "2025.04.15"]
[EventType "swiss (blitz)"]
[EventRounds "11"]
[EventCountry "NET"]
[SourceTitle "The Week in Chess 1589"]
[Source "Mark Crowther"]
[SourceDate "2025.04.21"]
[SourceVersion "1"]
[SourceVersionDate "2025.04.21"]
[SourceQuality "2"]

1. Nf3 d5 2. g3 Nd7 3. d4 Nb6 4. Bg2 Bf5 5. O-O c6 6. Nc3 h5 7. Nh4 e6 8. e4 dxe4 9. Nxe4 Be7 10. Nxf5 exf5 11. Nc5 Bxc5 12. dxc5 Qxd1 13. Rxd1 Nd7 14. b4 a6 15. Bb2 Ngf6 16. Re1+ Kf8 17. Rad1 h4 18. a4 h3 19. Bf1 Re8 20. Bd3 Rh5 21. f3 f4 22. Rxe8+ Kxe8 23. g4 Rh8 24. Bf5 Rg8 25. g5 g6 26. Bxh3 Nd5 27. Bxd7+ Kxd7 28. c4 Ke6 29. cxd5+ cxd5 30. Re1+ Kd7 31. Bf6 Kc6 32. Bd4 Rh8 33. Bxh8 1-0

[Event "Titled Tuesday 2025.04.15 Early"]
[Site "chess.com INT"]
[Date "2025.04.15"]
[Round "7"]
[White "Thavandiran, Shiyam"]
[Black "Bjerre, Jonas Buhl"]
[Result "0-1"]
[WhiteElo "2398"]
[BlackElo "2636"]
[WhiteFideId "-1"]
[WhiteFideId "-1"]
[PlyCount "90"]
[GameId "2169191048949961"]
[EventDate "2025.04.15"]
[EventType "swiss (blitz)"]
[EventRounds "11"]
[EventCountry "NET"]
[SourceTitle "The Week in Chess 1589"]
[Source "Mark Crowther"]
[SourceDate "2025.04.21"]
[SourceVersion "1"]
[SourceVersionDate "2025.04.21"]
[SourceQuality "2"]

1. e4 c5 2. Nf3 g6 3. d4 cxd4 4. Nxd4 Bg7 5. c4 Nc6 6. Be3 Qb6 7. Nb3 Qd8 8. Qd2 Nf6 9. f3 d6 10. Nc3 O-O 11. Be2 Be6 12. O-O Nd7 13. Rac1 a5 14. Na4 Nb4 15. a3 Na2 16. Ra1 b5 17. Rxa2 bxa4 18. Nd4 Nc5 19. Qc2 Bxd4 20. Bxd4 Nb3 21. Be3 Qc7 22. Qc3 Rfc8 23. Raa1 Nxa1 24. Rxa1 Rab8 25. Rc1 Rb3 26. Qd2 f6 27. Bd1 Rbb8 28. Bxa4 Qb7 29. Bb5 a4 30. h4 Bd7 31. Bxd7 Qxd7 32. h5 Qe6 33. hxg6 hxg6 34. Qe2 Rc6 35. c5 dxc5 36. Rxc5 Rxc5 37. Bxc5 Kf7 38. Bb4 Rc8 39. Qd1 Qb6+ 40. Kf1 Qb5+ 41. Kf2 Qb6+ 42. Kf1 Qe6 43. Kf2 Qa2 44. Qd2 Qb3 45. Kg3 Rc2 0-1

[Event "Titled Tuesday 2025.04.15 Early"]
[Site "chess.com INT"]
[Date "2025.04.15"]
[Round "8"]
[White "Aalto, Patrik"]
[Black "Thavandiran, Shiyam"]
[Result "1-0"]
[WhiteElo "2313"]
[BlackElo "2398"]
[WhiteFideId "-1"]
[WhiteFideId "-1"]
[PlyCount "79"]
[GameId "2169191049019754"]
[EventDate "2025.04.15"]
[EventType "swiss (blitz)"]
[EventRounds "11"]
[EventCountry "NET"]
[SourceTitle "The Week in Chess 1589"]
[Source "Mark Crowther"]
[SourceDate "2025.04.21"]
[SourceVersion "1"]
[SourceVersionDate "2025.04.21"]
[SourceQuality "2"]

1. d4 Nf6 2. c4 g6 3. Nc3 Bg7 4. g3 O-O 5. Bg2 d6 6. Nf3 Nbd7 7. O-O e5 8. e4 Re8 9. h3 c6 10. Re1 exd4 11. Nxd4 Qb6 12. Nc2 Ne5 13. b3 Nfd7 14. Be3 Qa5 15. Ne2 Nb6 16. Bd4 c5 17. Bc3 Nf3+ 18. Bxf3 Bxc3 19. Nxc3 Qxc3 20. Ne3 Bxh3 21. Qxd6 Rad8 22. Qxc5 Nd7 23. Qg5 Ne5 24. Bh1 Nd3 25. Red1 Be6 26. Nd5 Bxd5 27. cxd5 f6 28. Qd2 Qxd2 29. Rxd2 Nc5 30. Re1 a5 31. f4 g5 32. e5 gxf4 33. gxf4 fxe5 34. fxe5 b6 35. d6 Kf7 36. Bd5+ Kg6 37. Bc6 Rf8 38. e6 Rf5 39. e7 Rg5+ 40. Kf2 1-0

[Event "Titled Tuesday 2025.04.15 Early"]
[Site "chess.com INT"]
[Date "2025.04.15"]
[Round "9"]
[White "Thavandiran, Shiyam"]
[Black "Arhan, Chethan Anand"]
[Result "1-0"]
[WhiteElo "2398"]
[BlackElo "2394"]
[WhiteFideId "-1"]
[WhiteFideId "-1"]
[PlyCount "61"]
[GameId "2169191049093657"]
[EventDate "2025.04.15"]
[EventType "swiss (blitz)"]
[EventRounds "11"]
[EventCountry "NET"]
[SourceTitle "The Week in Chess 1589"]
[Source "Mark Crowther"]
[SourceDate "2025.04.21"]
[SourceVersion "1"]
[SourceVersionDate "2025.04.21"]
[SourceQuality "2"]

1. e4 e5 2. Bc4 Nf6 3. d3 c6 4. Nf3 Be7 5. Bb3 Qc7 6. O-O O-O 7. Re1 a5 8. c3 d6 9. Nbd2 Nbd7 10. Nf1 d5 11. Ng3 g6 12. h3 Re8 13. d4 Bd6 14. dxe5 Nxe5 15. Bg5 Nxe4 16. Nxe4 dxe4 17. Rxe4 Bf5 18. Rd4 Bc5 19. Rh4 Nd3 20. Nd4 Bxd4 21. cxd4 Re1+ 22. Qxe1 Nxe1 23. Rxe1 a4 24. Bc4 Qa5 25. Bxf7+ Kxf7 26. Re7+ Kg8 27. Rhxh7 Qd5 28. Bf6 Kf8 29. Rxb7 Be6 30. Bg7+ Ke8 31. Be5 1-0

[Event "Titled Tuesday 2025.04.15 Early"]
[Site "chess.com INT"]
[Date "2025.04.15"]
[Round "10"]
[White "Bozorov, Javohir"]
[Black "Thavandiran, Shiyam"]
[Result "1-0"]
[WhiteElo "2199"]
[BlackElo "2398"]
[WhiteFideId "-1"]
[WhiteFideId "-1"]
[PlyCount "73"]
[GameId "2169191049142926"]
[EventDate "2025.04.15"]
[EventType "swiss (blitz)"]
[EventRounds "11"]
[EventCountry "NET"]
[SourceTitle "The Week in Chess 1589"]
[Source "Mark Crowther"]
[SourceDate "2025.04.21"]
[SourceVersion "1"]
[SourceVersionDate "2025.04.21"]
[SourceQuality "2"]

1. d4 Nf6 2. Nf3 e6 3. Bf4 d5 4. Nbd2 c5 5. c3 Qb6 6. Qb3 Nc6 7. e3 c4 8. Qxb6 axb6 9. a3 b5 10. Rc1 Nd7 11. Be2 Nb6 12. Bd1 f6 13. O-O g5 14. Bg3 h5 15. h4 g4 16. Ne1 Bh6 17. Bc2 Ke7 18. Bf4 e5 19. Bxh6 Rxh6 20. g3 Be6 21. Ng2 Ra6 22. Rfe1 Rh8 23. Rcd1 Kf7 24. Nb1 Na4 25. Bxa4 bxa4 26. e4 exd4 27. cxd4 Rd8 28. Nc3 Ne7 29. e5 Ng6 30. exf6 Kxf6 31. Re3 Rdd6 32. Rde1 Bd7 33. Re5 Ra5 34. Rxh5 Bf5 35. Nf4 Nxf4 36. gxf4 Kg6 37. Rg5+ 1-0

[Event "Titled Tuesday 2025.04.15 Early"]
[Site "chess.com INT"]
[Date "2025.04.15"]
[Round "11"]
[White "Thavandiran, Shiyam"]
[Black "Tan, Jun Ying"]
[Result "0-1"]
[WhiteElo "2398"]
[BlackElo "2414"]
[WhiteFideId "-1"]
[WhiteFideId "-1"]
[PlyCount "82"]
[GameId "2169191049229150"]
[EventDate "2025.04.15"]
[EventType "swiss (blitz)"]
[EventRounds "11"]
[EventCountry "NET"]
[SourceTitle "The Week in Chess 1589"]
[Source "Mark Crowther"]
[SourceDate "2025.04.21"]
[SourceVersion "1"]
[SourceVersionDate "2025.04.21"]
[SourceQuality "2"]

1. e4 c6 2. Nf3 d5 3. d3 dxe4 4. dxe4 Qxd1+ 5. Kxd1 Nf6 6. Nbd2 g6 7. Ne1 Ng4 8. Nd3 Bg7 9. h3 Ne5 10. Nxe5 Bxe5 11. Nc4 Bg7 12. a4 O-O 13. c3 Be6 14. Kc2 Nd7 15. Na5 f5 16. Nxb7 fxe4 17. Be3 Ne5 18. Na5 Rab8 19. b4 Bd5 20. Rg1 Nd3 21. Bxd3 exd3+ 22. Kxd3 Rbd8 23. Kc2 Be4+ 24. Kb2 c5 25. b5 Rd3 26. Rac1 Rfd8 27. Nb3 c4 28. Nc5 Rxe3 29. fxe3 Rd2+ 30. Ka3 Bxg2 31. a5 Be5 32. Rgd1 Rf2 33. b6 axb6 34. axb6 Bd6 35. Kb4 Rb2+ 36. Kxc4 Rxb6 37. Nd3 Rc6+ 38. Kb3 Bxh3 39. c4 Rb6+ 40. Kc3 Rc6 41. Kd2 Bf5 0-1